Statistics for Easy Harry Potter Quotes (From Movie)

Click here to take the quiz!

General Stats

  • This quiz has been taken 1,112 times
  • The average score is 11 of 15

Answer Stats

HintAnswer% Correct
I'm going to bed before either of you come up with another clever idea to get us killed, or worse, expelled.Hermione Granger
99%
But you know happiness can be found even in the darkest of times, when one only remembers to turn on the lightAlbus Dumbledore
93%
She needs to sort out her priorities.Ronald Weasley
90%
Now repeat after me--without wands please-- repeat after me, RiddikulusRemus Lupin
89%
Not to be rude or anything, but this is not a great time for me to have a House Elf in my bedroom.Harry Potter
85%
Not my daughter, you witch!Molly Weasley
85%
...Hmm, alas earwaxAlbus Dumbledore
81%
I suspect the Nargles.Luna Lovegood
81%
I've always wanted to use that spell!Minerva Mcgonagall
79%
This class is ridiculous.Draco Malfoy
75%
Students out of bed! Students in the Corridors!Argus Filch
70%
Ancient Egyptains used to worship cats, you know.Hermione Granger
66%
That's mean, Severus.Lily Potter
49%
You blithering idiot!Minerva Mcgonagall
38%
She's jealous of you.Severus Snape
14%

Score Distribution

Percentile by Number Answered

Percent of People with Each Score

Your Score History

You have not taken this quiz